山东省市辖区 - Statistics

General Stats
  • This quiz has been taken 19 times
  • The average score is 47 of 58
Answers on the Map
Answers color-coded by a green-red scale on the quiz's map according to % correct below.
 
Answer Stats
Answer % Correct
历下区
100%
章丘区
100%
莱芜区
100%
即墨区
100%
东营区
100%
德城区
100%
钢城区
92%
市南区
92%
市北区
92%
黄岛区
92%
城阳区
92%
淄川区
92%
临淄区
92%
芝罘区
92%
蓬莱区
92%
潍城区
92%
坊子区
92%
泰山区
92%
牡丹区
92%
市中区
83%
天桥区
83%
历城区
83%
长清区
83%
崂山区
83%
李沧区
83%
市中区
83%
薛城区
83%
台儿庄区
83%
兖州区
83%
岱岳区
83%
环翠区
83%
兰山区
83%
东昌府区
83%
槐荫区
75%
济阳区
75%
张店区
75%
博山区
75%
周村区
75%
寒亭区
75%
任城区
75%
东港区
75%
岚山区
75%
河东区
75%
滨城区
75%
峄城区
67%
河口区
67%
垦利区
67%
福山区
67%
莱山区
67%
奎文区
67%
文登区
67%
罗庄区
67%
陵城区
67%
定陶区
67%
茌平区
58%
沾化区
58%
山亭区
50%
牟平区
50%
No matching quizzes found
Score Distribution
Percent of People with Each Score
Percentile by Number Answered
Your Score History
You have not taken this quiz